Financial Market and Services: (Record no. 196167)

MARC details
000 -LEADER
fixed length control field 00578nam a22001937a 4500
005 - DATE AND TIME OF LATEST TRANSACTION
control field 20230606160430.0
010 ## - LCCN (DPL NO)
LC control number ENG-137085
020 ## - INTERNATIONAL STANDARD BOOK NUMBER
International Standard Book Number 9789390082988
Terms of availability 190.00
035 ## - SYSTEM CONTROL NUMBER
System control number EN-120617
037 ## - SOURCE OF ACQUISITION
Source of stock number/acquisition DBAD/PUB
082 ## - DEWEY DECIMAL CLASSIFICATION NUMBER
Classification number 332.1
100 ## - MAIN ENTRY--PERSONAL NAME
Personal name Deepa, A.C.
245 ## - TITLE STATEMENT
Title Financial Market and Services:
Statement of responsibility, etc by A.C. Deepa and N. Kiruthika
260 ## - PUBLICATION, DISTRIBUTION, ETC. (IMPRINT)
Place of publication, distribution, etc Tamil Nadu
Name of publisher, distributor, etc Shanlax Publications
Date of publication, distribution, etc 2020
270 ## - ADDRESS
Address 61,66 T.P.K. Main Road Vasantha Nagar
City Madurai
Postal code 625003
300 ## - PHYSICAL DESCRIPTION
Extent 144p.;
Dimensions 25cm(Pbk)
700 ## - ADDED ENTRY--PERSONAL NAME
Personal name Kiruthika, N
942 ## - ADDED ENTRY ELEMENTS (KOHA)
Source of classification or shelving scheme Dewey Decimal Classification
Item type English Books
Call number suffix DEE
Classification part 332.1
Holdings
Withdrawn status Lost status Not for loan Collection code Home library Current library Date acquired Source of acquisition Cost, normal purchase price Full call number Barcode Cost, replacement price Koha item type
      Non-fiction Kadipur Kadipur 05/06/2023 DBAD/PUB 190.00 332.1 DEE EN-120617 190.00 English Books

© Delhi Public Library
Hit Counter
free hit counter